| 000 | 00660nam a2200229 4500 | ||
|---|---|---|---|
| 001 | |||
| 003 | DO-SdBNP | ||
| 005 | 20220620122426.0 | ||
| 008 | 781228s1979 nyu 000 1 eng | ||
| 040 |
_aBPMSU _bspa _cBPMSU _d |
||
| 082 | 0 | 0 |
_a823 _bB799a 1979 _222 |
| 100 | 1 |
_aBradford, Barbara Taylor, _d1933- |
|
| 245 | 1 | 0 |
_aA woman of substance / _cBarbara Taylor Bradford. |
| 260 |
_aGarden City, N.Y. : _bDoubleday, _c1979. |
||
| 300 |
_aviii, 755 p., ; _c23 cm. |
||
| 590 | _6Invetariado, 2022/VM | ||
| 650 | 4 |
_aNovela inglesa _x |
|
| 650 | 4 | _aNovela doméstica. | |
| 655 | _2 | ||
| 906 |
_a7 _bcbc _corignew _d1 _eocip _f19 _gy-gencatlg |
||
| 942 |
_2ddc _cBK |
||
| 999 |
_c14183 _d14183 |
||